Manchester United summer 2020 transfer targets - Statistics

General Stats
  • This quiz has been taken 140 times
  • The average score is 6 of 8
Answer Stats
Hint Answer % Correct
Young English winger from Bundesliga Jadon Sancho
95%
Brazilian midfield powerhouse from Real Madrid Casemiro
86%
Injury prone Welsh winger Gareth Bale
83%
Young midfielder from Birmingham Jude Bellingham
80%
Strong African centre-back Kalidou Koulibaly
65%
German midfield maestro, Champions League and World Cup winner Toni Kroos
64%
Pacy left-back, has won 5 La Ligas and an European championship Jordi Alba
57%
"The new Pirlo", midfielder born in 2000 Sandro Tonali
40%
No matching quizzes found
Score Distribution
Percent of People with Each Score
Percentile by Number Answered
Your Score History
You have not taken this quiz